Lina Bo Bardi, drawings / (Record no. 607984)

000 -LEADER
fixed length control field 00742nam a22002535i 4500
001 - CONTROL NUMBER
control field 20700730
003 - CONTROL NUMBER IDENTIFIER
control field OSt
005 - DATE AND TIME OF LATEST TRANSACTION
control field 20240221111354.0
008 - FIXED-LENGTH DATA ELEMENTS--GENERAL INFORMATION
fixed length control field 181010s2019 nju 000 0 eng
010 ## - LIBRARY OF CONGRESS CONTROL NUMBER
LC control number 2018960812
020 ## - INTERNATIONAL STANDARD BOOK NUMBER
International Standard Book Number 9780691191195 (hardcover : alk. paper)
040 ## - CATALOGING SOURCE
Original cataloging agency DLC
Language of cataloging eng
Description conventions rda
Transcribing agency DLC
042 ## - AUTHENTICATION CODE
Authentication code pcc
082 ## - DEWEY DECIMAL CLASSIFICATION NUMBER
Classification number 720.92
Author Mark ZEU
100 1# - MAIN ENTRY--PERSONAL NAME
Personal name Zeuler, R. M. de A. Lima.
9 (RLIN) 121026
245 10 - TITLE STATEMENT
Title Lina Bo Bardi, drawings /
Statement of responsibility, etc. R. M. de A. Lima Zeuler.
263 ## - PROJECTED PUBLICATION DATE
Projected publication date 1904
300 ## - PHYSICAL DESCRIPTION
Extent 130 p.;
650 ## - SUBJECT ADDED ENTRY--TOPICAL TERM
Topical term or geographic name entry element Women architects
9 (RLIN) 121027
906 ## - LOCAL DATA ELEMENT F, LDF (RLIN)
a 0
b ibc
c orignew
d 2
e epcn
f 20
g y-gencatlg
942 ## - ADDED ENTRY ELEMENTS (KOHA)
Source of classification or shelving scheme
Koha item type Book
Institution code [OBSOLETE] SADA
Call number prefix 720.92 ZEU 2019
Holdings
Withdrawn status Lost status Source of classification or shelving scheme Damaged status Not for loan Permanent Location Current Location Date acquired Source of acquisition Total Checkouts Full call number Barcode Date last seen Cost, replacement price Price effective from Koha item type
          School of Art Design and Architecture (SADA) School of Art Design and Architecture (SADA) 09/17/2020 Golden Books   720.92 ZEU 2019 SADA0002862 02/21/2024 5716.00 02/21/2024 Book
© 2023 Central Library, National University of Sciences and Technology. All Rights Reserved.